00651nam a22002057a 45000050016000000100015000160200026000310350013000570370013000700820014000831000019000972450114001162600028002302700058002583000024003165000050003406500017003906500019004076500019004262010081305475.0 aENG-100248 a9788189884437c595.00 aEN-83780 bDBAD/PUB a305.48697 aSarkar, Madhua aVisible histories disappearing women :bproducing muslim womanhood in late colonial Bengal /cby Madua Sarkar aNew DelhibZubaanc2008 aK-92, 1st Floor, Hauz Khas EnclavebNew Delhie110016 axi,338p.c23cm (Hb) aIncludes bibliographical references and index aMuslim Women aSocial History aWomen in Islam